Southville International School and Colleges
Your cart is empty.
  • Cart
  • Lists
    Public lists Eva Luna New books Lux_list list_1
    Your lists Log in to create your own lists
  • Log in to your account
  • Your cookies
  • Search history
Southville International School and Colleges
  • Advanced search
  • Recent comments
  • Most popular
  • Libraries

Log in to your account

Log in with GOOGLE


If you do not have an external account, but do have a local account, you can still log in:

  1. Home
  2. MARC view: Implementing a reading program in secondary schools.
Normal view MARC view ISBD view

Implementing a reading program in secondary schools. (Record no. 109171)

[ view plain ]
MARC details
000 -LEADER
fixed length control field 00625nam a2200193 a 4500
005 - DATE AND TIME OF LATEST TRANSACTION
control field 20140414093839.0
008 - FIXED-LENGTH DATA ELEMENTS--GENERAL INFORMATION
fixed length control field 040310s19uu xx 00 eng d
050 ## - LIBRARY OF CONGRESS CALL NUMBER
Classification number VHS 370
Item number OR 13
245 ## - TITLE STATEMENT
Title Implementing a reading program in secondary schools.
260 ## - PUBLICATION, DISTRIBUTION, ETC. (IMPRINT)
Place of publication, distribution, etc Alexandria, Va :
Name of publisher, distributor, etc Association for Supervision and Curriculum Development,
Date of publication, distribution, etc c2002.
300 ## - PHYSICAL DESCRIPTION
Extent 30 min.
500 ## - GENERAL NOTE
General note Facilitator's guide.
520 ## - SUMMARY, ETC.
Summary, etc Library has:
650 ## - SUBJECT ADDED ENTRY--TOPICAL TERM
Topical term or geographic name as entry element Curriculum planning (Reading)
General subdivision United States.
650 ## - SUBJECT ADDED ENTRY--TOPICAL TERM
Topical term or geographic name as entry element Reading
General subdivision Study and teaching (Secondary)
-- United States.
700 ## - ADDED ENTRY--PERSONAL NAME
Personal name ASCD
942 ## - ADDED ENTRY ELEMENTS (KOHA)
Koha item type Audio Visual Materials
Holdings
Withdrawn status Lost status Source of classification or shelving scheme Damaged status Home library Current library Shelving location Date acquired Source of acquisition Total Checkouts Full call number Barcode Date last seen Price effective from Koha item type
    Library of Congress Classification   Luxembourg Library Luxembourg Library Genevive Ledesma - Tan Section 03/10/2004 Donation   VHS 370 OR 13 AV0797 04/14/2014 04/14/2014 Audio Visual Materials

Implementing a reading program in secondary schools.

APA

ASCD, . (2002). Implementing a reading program in secondary schools. Alexandria, Va: Association for Supervision and Curriculum Development.

Chicago

ASCD, . 2002. Implementing a reading program in secondary schools. Alexandria, Va: Association for Supervision and Curriculum Development.

Harvard

ASCD, . (2002). Implementing a reading program in secondary schools. Alexandria, Va: Association for Supervision and Curriculum Development.

MLA

ASCD, . Implementing a reading program in secondary schools. Alexandria, Va: Association for Supervision and Curriculum Development. 2002.

  • Place hold
  • Print
  • Cite
  • Add to your cart (remove)
  • Save record
    BIBTEX Dublin Core MARCXML MARC (non-Unicode/MARC-8) MARC (Unicode/UTF-8) MARC (Unicode/UTF-8, Standard) MODS (XML) RIS
  • More searches
    Search for this title in:
    Other Libraries (WorldCat) Other Databases (Google Scholar) Online Stores (Bookfinder.com) Open Library (openlibrary.org)

Exporting to Dublin Core...

SOUTHVILLE LIBRARY

Southville International School and Colleges Library

1281 Tropical Ave. Cor. Luxembourg St., BF Homes International, Las Pinas City

Tel. No. 8256374 / 252358 Loc. 117/146

Powered by Koha